Φωτογραφία : η τέχνη και τα μυστικά της

Το CD-ROM αυτό φιλοδοξεί να αποτελέσει απαραίτητο βοήθημα για κάθε φίλο της φωτογραφίας. Σκοπός του να μυήσει τον αρχάριο φωτογράφο στα μυστικά της φωτογραφίας, παρέχοντάς του αναλυτικές πληροφορίες και παραδείγματα για την τέχνη της φωτογράφησης και όλα τα επιμέρους στοιχεία που την επηρεάζουν...

Full description

Saved in:
Bibliographic Details
Corporate Author: MLS multimedia
Format: Electronic
Language:Greek
Published: Θεσσαλονίκη : Mls Πληροφορική, [μεταξύ 1992 και 2002]
Subjects:
Tags: Add Tag
No Tags, Be the first to tag this record!

MARC

LEADER 00000cmm a2200000 i 4500
001 1/35910
008 030513q19922002gr gre d
035 |l 10069963 
040 |a GR-MY-UA  |b gre  |e aacr 
041 0 |a gre 
082 0 |a 771  |2 (21η εκδ.) 
245 1 0 |a Φωτογραφία :  |h [αρχείο Η/Υ]  |b η τέχνη και τα μυστικά της 
260 |a Θεσσαλονίκη :   |b Mls Πληροφορική,   |c [μεταξύ 1992 και 2002] 
300 |a 1 οπτική δισκέτα λέιζερ Η/Υ;  |b με ήχ., έγχρ.;  |c 4 3/4 ίν. 
500 |a Multimedia cd-rom 
520 |a Το CD-ROM αυτό φιλοδοξεί να αποτελέσει απαραίτητο βοήθημα για κάθε φίλο της φωτογραφίας. Σκοπός του να μυήσει τον αρχάριο φωτογράφο στα μυστικά της φωτογραφίας, παρέχοντάς του αναλυτικές πληροφορίες και παραδείγματα για την τέχνη της φωτογράφησης και όλα τα επιμέρους στοιχεία που την επηρεάζουν 
538 |a Ελάχιστες απαιτήσεις: 486 DX-4/ 100 MHz, 8MB RAM, CD_ROM drive 8x, κάρτα οθόνης με 256 χρώματα, ποντίκι, κάρτα ήχου soynd blaster ή 100% συμβατή, Microsoft Windows 9x 
650 0 0 |a Photography, Artistic. 
650 0 0 |a Photography  |x Equipment and supplies. 
650 0 0 |a Photography  |x History. 
710 2 |a MLS multimedia. 
852 |a INST  |b SYROS  |c AV  |e 20030513  |h 771 ΦΩΤ  |p 005500003387  |q 005500003387  |t CDROM  |y 23 
901 |a BIBL1-2003-1 
909 |a Ε  |b 103816 
970 |a ΜΑΝΩΛΑΡΑΚΗ  |b ΜΑΡΙΑ  |z 2003/05/13